<?xml version="1.0" encoding="UTF-8"?>
<record
    xmlns:xsi="http://www.w3.org/2001/XMLSchema-instance"
    xsi:schemaLocation="http://www.loc.gov/MARC21/slim http://www.loc.gov/standards/marcxml/schema/MARC21slim.xsd"
    xmlns="http://www.loc.gov/MARC21/slim">

  <leader>00917nam a2200205 i 4500</leader>
  <controlfield tag="001">156122</controlfield>
  <controlfield tag="003">ES-MaACL</controlfield>
  <controlfield tag="005">20230906210327.0</controlfield>
  <controlfield tag="008">041015q1883    sp           |||| | spa d</controlfield>
  <datafield tag="040" ind1=" " ind2=" ">
    <subfield code="a">CAM </subfield>
    <subfield code="b">spa </subfield>
    <subfield code="c">CAM</subfield>
  </datafield>
  <datafield tag="245" ind1="0" ind2="0">
    <subfield code="a">Itinerarios de Madrid &#xE1; Bilbao, de Miranda &#xE1; Logro&#xF1;o, de Bilbao &#xE1; Durango y viceversa.</subfield>
  </datafield>
  <datafield tag="260" ind1=" " ind2=" ">
    <subfield code="a">Madrid : </subfield>
    <subfield code="b">Administracion, Rollo, 2, tercero : </subfield>
    <subfield code="b">Librer&#xED;a de D. Gu&#xED;o ; </subfield>
    <subfield code="a">Paris : </subfield>
    <subfield code="b">Librairie Etrangere ; </subfield>
    <subfield code="a">Lisboa : </subfield>
    <subfield code="b">Libreria francesa,</subfield>
    <subfield code="c">[1883?]</subfield>
  </datafield>
  <datafield tag="300" ind1=" " ind2=" ">
    <subfield code="a">XXVIII, 56 p. : </subfield>
    <subfield code="b">il. ; </subfield>
    <subfield code="c">16 cm.</subfield>
  </datafield>
  <datafield tag="490" ind1="1" ind2=" ">
    <subfield code="a">Gu&#xED;as ilustradas del viajero</subfield>
  </datafield>
  <datafield tag="596" ind1=" " ind2=" ">
    <subfield code="a">Probablemente impreso a finales del siglo XIX o comienzos del XX.</subfield>
  </datafield>
  <datafield tag="650" ind1=" " ind2="4">
    <subfield code="a">Ferrocarriles-</subfield>
    <subfield code="x">Itinerarios-</subfield>
    <subfield code="z">Espa&#xF1;a.</subfield>
    <subfield code="9">136100</subfield>
  </datafield>
  <datafield tag="830" ind1="0" ind2=" ">
    <subfield code="a">Gu&#xED;as ilustradas del viajero</subfield>
    <subfield code="9">188051</subfield>
  </datafield>
  <datafield tag="852" ind1=" " ind2=" ">
    <subfield code="a">ES-MaACL</subfield>
    <subfield code="j">T-412-F-2 </subfield>
    <subfield code="z">-- Enc. hol. </subfield>
    <subfield code="z">-- Enc. en un vol. facticio </subfield>
    <subfield code="z">-- Enc. con [20] p. de anuncios</subfield>
  </datafield>
  <datafield tag="999" ind1=" " ind2=" ">
    <subfield code="c">156122</subfield>
    <subfield code="d">156122</subfield>
  </datafield>
  <datafield tag="952" ind1=" " ind2=" ">
    <subfield code="0">0</subfield>
    <subfield code="1">0</subfield>
    <subfield code="4">0</subfield>
    <subfield code="7">0</subfield>
    <subfield code="8">Colecci&#xF3;n_de_folletos</subfield>
    <subfield code="a">ATENEOM</subfield>
    <subfield code="b">ATENEOM</subfield>
    <subfield code="c">DEPOF</subfield>
    <subfield code="d">2008-01-17</subfield>
    <subfield code="l">0</subfield>
    <subfield code="o">T-412-F-2</subfield>
    <subfield code="p">1163331</subfield>
    <subfield code="r">2023-02-23 00:00:00</subfield>
    <subfield code="w">2023-02-23</subfield>
    <subfield code="y">FOLLETOS</subfield>
  </datafield>
</record>
